| 000 | 00353nam a22001577a 4500 | ||
|---|---|---|---|
| 003 | SGT | ||
| 020 | _a9788131723258 | ||
| 082 | _bMEN | ||
| 100 | _aMENDHAM. J | ||
| 245 | _aVOGEL,S TEXTBOOK OF QUANTITATIVE CHEMICAL ANALUSIS | ||
| 250 | _a6TH | ||
| 260 |
_bPEARSON INDIA _c2018 |
||
| 300 | _a790 | ||
| 650 | _aPHYSICAL SCIENCE | ||
| 942 |
_2ddc _cBK _07 |
||
| 999 |
_c16063 _d16063 |
||